[Event "Sydney International Challengers"]
[Site "Parramatta, NSW"]
[Date "2010.04.08"]
[Round "3.14"]
[White "Bortsova, Natasha"]
[Black "Webster, David"]
[Result "1/2-1/2"]
[WhiteElo "1247"]
[BlackElo "1812"]
[PlyCount "113"]
[EventDate "2010.04.07"]
[EventType "swiss"]
[EventRounds "9"]
[EventCountry "AUS"]
[SourceDate "2010.04.07"]

1. d4 c5 2. d5 e5 3. c4 d6 4. Nc3 Be7 5. e4 Bg5 6. Bd3 Bxc1 7. Qxc1 Nf6 8. Nge2
Nbd7 9. f4 exf4 10. Qxf4 Ne5 11. Qg3 Nh5 12. Qe3 Qh4+ 13. g3 Qh3 14. O-O-O Nf6
15. Nf4 Qd7 16. h3 a6 17. g4 h6 18. Ng2 b5 19. Qe2 b4 20. Nb1 Qb7 21. Ne3 Bd7
22. Nf5 Bxf5 23. gxf5 O-O-O 24. Nd2 Qe7 25. Rhe1 Rde8 26. Bc2 g5 27. Nf3 g4 28.
Nxe5 Qxe5 29. hxg4 Qf4+ 30. Qe3 Qxe3+ 31. Rxe3 Nxg4 32. Rg3 Ne5 33. b3 Reg8 34.
Rh3 Rg2 35. Rdh1 Ng4 36. Bd1 Nf2 37. Rxh6 Rxh6 38. Rxh6 Rg1 39. Rxd6 Rxd1+ 40.
Kc2 Re1 41. Rxa6 Nxe4 42. Kd3 Kd7 43. Ra7+ Ke8 44. a4 Nd6 45. f6 Rf1 46. a5
Rxf6 47. a6 Kd8 48. Rd7+ Kxd7 49. a7 Nxc4 50. a8=Q Nb6 51. Qb7+ Kd8 52. Ke4 Nd7
53. Qb5 Rb6 54. Qa5 Ke7 55. Qa1 Rd6 56. Qa7 Rg6 57. Qc7 1/2-1/2

[Event "Sydney International Challengers"]
[Site "Parramatta, NSW"]
[Date "2010.04.08"]
[Round "3.15"]
[White "Chau, Adrian"]
[Black "Ansell, John"]
[Result "1-0"]
[WhiteElo "1665"]
[BlackElo "1321"]
[PlyCount "65"]
[EventDate "2010.04.07"]
[EventType "swiss"]
[EventRounds "9"]
[EventCountry "AUS"]
[SourceDate "2010.04.07"]

1. e4 d6 2. d4 Nf6 3. Nc3 g6 4. f3 Bg7 5. Be3 O-O 6. Qd2 c5 7. Nge2 cxd4 8.
Nxd4 Nc6 9. O-O-O Nxd4 10. Bxd4 a6 11. g4 Bxg4 12. fxg4 Nxg4 13. Bxg7 Kxg7 14.
Be2 Ne5 15. h4 b5 16. h5 Kg8 17. Qh6 g5 18. Qxg5+ Kh8 19. a3 Rg8 20. Qf4 Qb6
21. Nd5 Qa7 22. Kb1 Rg7 23. Qe3 Qxe3 24. Nxe3 f6 25. Nf5 Rg2 26. Bf1 Rg4 27.
Nxe7 Rxe4 28. Bg2 Re8 29. Bxe4 Rxe7 30. Rxd6 Nf7 31. Rxf6 Kg7 32. Rf4 Ng5 33.
h6+ 1-0

[Event "Sydney International Challengers"]
[Site "Parramatta, NSW"]
[Date "2010.04.08"]
[Round "3.16"]
[White "Childs, Stephen"]
[Black "Tenorio, Leonardo"]
[Result "0-1"]
[WhiteElo "1132"]
[BlackElo "1644"]
[PlyCount "64"]
[EventDate "2010.04.07"]
[EventType "swiss"]
[EventRounds "9"]
[EventCountry "AUS"]
[SourceDate "2010.04.07"]

1. d4 d5 2. c4 c6 3. Nc3 e6 4. Nf3 Bb4 5. e3 Nf6 6. Bd2 O-O 7. a3 Bxc3 8. Bxc3
Ne4 9. Qc2 Nd7 10. Bd3 f5 11. O-O Qf6 12. cxd5 exd5 13. Ne5 Nxe5 14. dxe5 Qg6
15. f4 Be6 16. Bxe4 fxe4 17. Qf2 c5 18. Rad1 Rad8 19. b4 b6 20. bxc5 bxc5 21.
Ba5 Rb8 22. Rb1 h5 23. Bc7 Rxb1 24. Rxb1 d4 25. exd4 e3 26. Qe1 cxd4 27. Rb8
Rxb8 28. Bxb8 Qe4 29. Bxa7 Bd5 30. Qe2 d3 31. Qf3 Qxf3 32. gxf3 d2 0-1

[Event "Sydney International Challengers"]
[Site "Parramatta, NSW"]
[Date "2010.04.08"]
[Round "3.17"]
[White "Willathgamuwa, Rowan"]
[Black "Anderson Smith, William T"]
[Result "0-1"]
[WhiteElo "424"]
[BlackElo "1560"]
[PlyCount "44"]
[EventDate "2010.04.07"]
[EventType "swiss"]
[EventRounds "9"]
[EventCountry "AUS"]
[SourceDate "2010.04.07"]

1. e4 e6 2. d4 d5 3. Nd2 c5 4. c3 Nc6 5. Ne2 Nf6 6. e5 Nd7 7. Nf3 Qb6 8. g3 Be7
9. Bg2 O-O 10. O-O cxd4 11. cxd4 f6 12. Bf4 fxe5 13. Nxe5 Ndxe5 14. Bxe5 Nxe5
15. dxe5 Qxb2 16. f4 b6 17. Bxd5 Rd8 18. Qb3 Qxe2 19. Bxa8 Rd2 20. Qxe6+ Bxe6
21. Rfd1 Bc5+ 22. Kh1 Qxh2# 0-1

[Event "Sydney International Challengers"]
[Site "Parramatta, NSW"]
[Date "2010.04.08"]
[Round "3.18"]
[White "Reynolds, Paul"]
[Black "Nakauchi, Kenji"]
[Result "1-0"]
[WhiteElo "1443"]
[BlackElo "1262"]
[PlyCount "121"]
[EventDate "2010.04.07"]
[EventType "swiss"]
[EventRounds "9"]
[EventCountry "AUS"]
[SourceDate "2010.04.07"]

1. d4 d5 2. Nf3 Nf6 3. c4 c6 4. e3 e6 5. Nc3 Bd6 6. Be2 O-O 7. O-O Nbd7 8. Qc2
Re8 9. e4 dxe4 10. Ng5 Bc7 11. Ngxe4 e5 12. d5 h6 13. d6 Bb8 14. c5 Qa5 15. Be3
Nd5 16. Nxd5 cxd5 17. Bd2 Qd8 18. Ng3 a5 19. Bb5 Re6 20. Nf5 Kh8 21. c6 bxc6
22. Bxc6 Ra7 23. Bxd5 Rf6 24. Ne7 Bxd6 25. Qxc8 Bxe7 26. Qxd8+ Bxd8 27. Be3 Rc7
28. Rac1 Nb6 29. Rxc7 Bxc7 30. Be4 Nc4 31. Rc1 Nxe3 32. Rxc7 Nf5 33. g4 Nd6 34.
Bd5 Rf4 35. h3 f6 36. Ra7 a4 37. Bc6 Rb4 38. Rxa4 Rxb2 39. Ra8+ Kh7 40. Rd8 Rd2
41. a4 Nc4 42. Rxd2 Nxd2 43. a5 Nc4 44. Be4+ g6 45. a6 Nb6 46. Kf1 Kg7 47. Ke2
g5 48. Kd3 Kf8 49. Kc3 Ke7 50. Kb4 Kd6 51. Kb5 Nc8 52. Bb7 Kc7 53. Bxc8 Kxc8
54. Kb6 Kb8 55. a7+ Ka8 56. f3 e4 57. fxe4 h5 58. gxh5 g4 59. h6 g3 60. h7 g2
61. h8=Q# 1-0

[Event "Sydney International Challengers"]
[Site "Parramatta, NSW"]
[Date "2010.04.08"]
[Round "3.19"]
[White "Ross, Bill"]
[Black "Roche, Stephen"]
[Result "1-0"]
[WhiteElo "1345"]
[BlackElo "1168"]
[PlyCount "133"]
[EventDate "2010.04.07"]
[EventType "swiss"]
[EventRounds "9"]
[EventCountry "AUS"]
[SourceDate "2010.04.07"]

1. e4 e5 2. Nf3 Nc6 3. Bb5 a6 4. Ba4 Nf6 5. O-O Be7 6. Re1 b5 7. Bb3 d6 8. c3
O-O 9. h3 Na5 10. Bc2 c5 11. d4 cxd4 12. cxd4 Qc7 13. Nc3 Bb7 14. d5 Rac8 15.
Bd3 Nc4 16. b3 Nb6 17. Ne2 Nh5 18. Be3 Nd7 19. Rc1 Qd8 20. Rxc8 Bxc8 21. Qd2
Re8 22. Rc1 Nf8 23. Qc3 Ng6 24. Qc7 Nh4 25. Nxh4 Qxc7 26. Rxc7 Bxh4 27. Rc6 Be7
28. g4 Nf6 29. Ng3 g6 30. f4 exf4 31. Bxf4 Rd8 32. Kf2 g5 33. Be3 Bb7 34. Rc7
Rd7 35. Rc2 Ne8 36. Nf5 Bf6 37. Kf3 Ng7 38. Nd4 h6 39. Nc6 Ne8 40. Bb6 Kg7 41.
Nb8 Re7 42. Bd8 Re5 43. Bxf6+ Nxf6 44. Rc7 Ba8 45. Nxa6 h5 46. Nb4 Re8 47. Nc6
Rh8 48. Kg3 hxg4 49. hxg4 Rh4 50. Nd4 Rxg4+ 51. Kf3 Bxd5 52. Nf5+ Kg6 53. Ne7+
Kh5 54. Nxd5 Nxd5 55. exd5 Rf4+ 56. Ke3 Kg4 57. Be2+ Kg3 58. Rc1 f6 59. Rg1+
Kh4 60. Bxb5 Kh3 61. Bf1+ Kh2 62. Rg2+ Kh1 63. Rf2 Rxf2 64. Kxf2 f5 65. Bh3 f4
66. Kf3 Kh2 67. Bg4 1-0

[Event "Sydney International Challengers"]
[Site "Parramatta, NSW"]
[Date "2010.04.08"]
[Round "3.21"]
[White "Christian, Kashish"]
[Black "Chibnall, Alana"]
[Result "0-1"]
[WhiteElo "654"]
[BlackElo "1513"]
[PlyCount "108"]
[EventDate "2010.04.07"]
[EventType "swiss"]
[EventRounds "9"]
[EventCountry "AUS"]
[SourceDate "2010.04.07"]

1. e4 e5 2. Nf3 Nc6 3. d4 exd4 4. Nxd4 Bc5 5. Nf5 g6 6. Nh6 Nxh6 7. Bxh6 Bxf2+
8. Kxf2 Qh4+ 9. g3 Qxh6 10. Qd2 g5 11. Nc3 d6 12. Nd5 Kd8 13. Bg2 Be6 14. h4
Bxd5 15. hxg5 Qg7 16. exd5 Ne5 17. Bh3 f6 18. gxf6 Qxf6+ 19. Qf4 Qe7 20. Qh4
Rf8+ 21. Kg2 Qxh4 22. gxh4 c6 23. dxc6 bxc6 24. Rad1 Ke7 25. Rde1 Rab8 26. b3
Rb4 27. a3 Rg8+ 28. Kf2 Rxh4 29. Re3 Kf6 30. Ke2 Rf4 31. Rf1 Rxf1 32. Kxf1 d5
33. Re2 Rg3 34. Rf2+ Rf3 35. Ke2 Rxf2+ 36. Kxf2 Kg5 37. Kg3 h5 38. Be6 h4+ 39.
Kf2 Kf4 40. Bh3 Ke4 41. Ke2 Kd4 42. a4 Kc3 43. Kd1 c5 44. Bg2 Ng4 45. Bxd5 Ne3+
46. Ke2 Nxd5 47. Kf3 Kxc2 48. Kg4 Kxb3 49. Kxh4 c4 50. Kg4 c3 51. Kf5 c2 52.
Ke5 c1=Q 53. Kxd5 Qc4+ 54. Ke5 Qg4 0-1

[Event "Sydney International Challengers"]
[Site "Parramatta, NSW"]
[Date "2010.04.08"]
[Round "3.22"]
[White "Nakauchi, Ray"]
[Black "Greenwood, Norman"]
[Result "1/2-1/2"]
[WhiteElo "541"]
[BlackElo "1355"]
[PlyCount "167"]
[EventDate "2010.04.07"]
[EventType "swiss"]
[EventRounds "9"]
[EventCountry "AUS"]
[SourceDate "2010.04.07"]

1. d4 c6 2. c4 d5 3. Nf3 Nf6 4. Nc3 Bf5 5. e3 e6 6. Be2 Be7 7. O-O O-O 8. a4
Nbd7 9. b3 Bb4 10. Na2 Be7 11. Nc3 Bb4 12. Ba3 Qe7 13. Qc1 a5 14. Rd1 e5 15.
dxe5 Nxe5 16. cxd5 cxd5 17. Nxd5 Nxd5 18. Rxd5 Nxf3+ 19. Bxf3 Rac8 20. Qb2 Rc2
21. Qe5 Be6 22. Bxb4 axb4 23. Qe4 Qc7 24. Rdd1 Bxb3 25. Qxb4 Rc3 26. Rdb1 Rc8
27. h3 Bc2 28. Rc1 b6 29. Bd1 Rc4 30. Rxc2 Rxc2 31. Bxc2 Qxc2 32. Qxb6 g6 33.
a5 Qc3 34. Rb1 Rc6 35. Qb7 Qf6 36. Qb2 Qe6 37. Rd1 Rc8 38. Ra1 Ra8 39. Qb7 Ra6
40. Qb5 Qf6 41. Kh2 Kg7 42. Qd3 Rd6 43. Qf1 Ra6 44. Qc4 Qe5+ 45. g3 Rxa5 46.
Rxa5 Qxa5 47. Qd4+ Kg8 48. g4 h5 49. Kg3 hxg4 50. Qxg4 Qe5+ 51. Qf4 Qd5 52. h4
Kh7 53. e4 Qb3+ 54. Qf3 Qb8+ 55. Kg2 Qg8 56. Kg3 Qb8+ 57. Kg2 Qg8 58. e5 Qe8
59. Qf4 Qe6 60. Kg3 Kg7 61. f3 Qb6 62. Kg2 Qb2+ 63. Kh3 Qb6 64. Qg4 Qb1 65. f4
Qd3+ 66. Qg3 Qf5+ 67. Kh2 Qc2+ 68. Qg2 Qf5 69. Qf2 Kh7 70. Kg3 Qd3+ 71. Qf3 Qf5
72. Qb3 Kg7 73. Qc3 Kh7 74. Qd4 Kh6 75. Qd8 Kg7 76. Qf6+ Qxf6 77. exf6+ Kxf6
78. Kg4 Kg7 79. h5 Kh6 80. hxg6 fxg6 81. Kh4 Kh7 82. f5 Kg7 83. Kg5 gxf5 84.
Kxf5 1/2-1/2

[Event "Sydney International Challengers"]
[Site "Parramatta, NSW"]
[Date "2010.04.08"]
[Round "3.23"]
[White "Weltner, Michael"]
[Black "Willathgamuwa, Kevin"]
[Result "1/2-1/2"]
[WhiteElo "1303"]
[BlackElo "602"]
[PlyCount "132"]
[EventDate "2010.04.07"]
[EventType "swiss"]
[EventRounds "9"]
[EventCountry "AUS"]
[SourceDate "2010.04.07"]

1. e4 c5 2. Nf3 Nc6 3. c3 Nf6 4. e5 Nd5 5. c4 Nb6 6. b3 e6 7. Bb2 Be7 8. Be2
O-O 9. O-O d6 10. d4 cxd4 11. exd6 Qxd6 12. Nbd2 Rd8 13. Ne4 Qf4 14. Bd3 Nb4
15. Bc1 Qc7 16. Bb1 e5 17. a3 Nc6 18. Re1 Bf5 19. Nf6+ Bxf6 20. Bxf5 Ne7 21.
Be4 Rac8 22. Qd3 h6 23. h3 Nd7 24. Qb1 Nc5 25. Bh7+ Kh8 26. b4 Ne6 27. Bd3 Nc6
28. Nh2 Re8 29. Bd2 Bg5 30. Qc1 Bxd2 31. Qxd2 Nf4 32. Bf1 Nb8 33. g3 Ng6 34.
Rac1 Nd7 35. Ng4 Kh7 36. Bd3 Qd6 37. Qc2 Ndf8 38. c5 Qc7 39. Re2 Kg8 40. Rce1
Ra8 41. f4 b6 42. Nxe5 Nxe5 43. Rxe5 Rxe5 44. Rxe5 Nd7 45. Re7 bxc5 46. bxc5
Rc8 47. Bf5 Qxc5 48. Qxc5 Rxc5 49. Bxd7 Rc7 50. Re8+ Kh7 51. Bf5+ g6 52. Be4
Rc3 53. Re7 Kg7 54. Rxa7 Rxg3+ 55. Kh2 Re3 56. Bd5 h5 57. Rxf7+ Kh6 58. a4 Ra3
59. Bc6 d3 60. Rd7 h4 61. Bb5 Ra2+ 62. Kg1 d2 63. Be2 Rxa4 64. Rxd2 Rxf4 65.
Bg4 Rf6 66. Kg2 g5 1/2-1/2

[Event "Sydney International Challengers"]
[Site "Parramatta, NSW"]
[Date "2010.04.08"]
[Round "4.1"]
[White "Wan, Dennis"]
[Black "Weller, Tony"]
[Result "1-0"]
[WhiteElo "1537"]
[BlackElo "1708"]
[PlyCount "101"]
[EventDate "2010.04.07"]
[EventType "swiss"]
[EventRounds "9"]
[EventCountry "AUS"]
[SourceDate "2010.04.07"]

1. d4 g6 2. e4 Bg7 3. h3 d6 4. Nc3 Nf6 5. Bf4 O-O 6. Qd2 Nc6 7. d5 Ne5 8. Bh6
c5 9. Bxg7 Kxg7 10. f4 Ned7 11. g4 Qb6 12. O-O-O a5 13. a4 Qb4 14. Qe3 Nb6 15.
e5 Ne8 16. Bb5 Nc7 17. Na2 Ncxd5 18. Nxb4 Nxe3 19. Rd3 axb4 20. Rxe3 d5 21. b3
d4 22. Rg3 Nd5 23. Ne2 e6 24. h4 f6 25. h5 g5 26. exf6+ Nxf6 27. fxg5 Ne4 28.
h6+ Kh8 29. Rgg1 e5 30. Bc4 Nxg5 31. Rh5 Nf3 32. Rg3 Bd7 33. Bd5 Be8 34. Rf5
Bg6 35. Rxf8+ Rxf8 36. Rxf3 Rd8 37. Ng3 b6 38. Rf6 Rb8 39. Ne4 Bxe4 40. Bxe4
Kg8 41. Bd5+ Kh8 42. Kd2 c4 43. bxc4 e4 44. Bxe4 d3 45. Kxd3 b5 46. axb5 Kg8
47. c5 Rd8+ 48. Kc4 b3 49. cxb3 Kh8 50. b6 Rg8 51. b7 1-0

[Event "Sydney International Challengers"]
[Site "Parramatta, NSW"]
[Date "2010.04.08"]
[Round "4.2"]
[White "Ali, Mosaddeque"]
[Black "Stahnke, Alexander"]
[Result "0-1"]
[WhiteElo "1690"]
[BlackElo "1800"]
[PlyCount "76"]
[EventDate "2010.04.07"]
[EventType "swiss"]
[EventRounds "9"]
[EventCountry "AUS"]
[SourceDate "2010.04.07"]

1. e4 b6 2. d4 Bb7 3. Bd3 g6 4. Nf3 Bg7 5. O-O h6 6. c3 e6 7. Be3 Ne7 8. Nbd2
a6 9. Qe2 d6 10. Rfe1 Nd7 11. Nf1 e5 12. d5 f5 13. exf5 gxf5 14. Nh4 O-O 15.
Rad1 Bxd5 16. Nxf5 Nxf5 17. Bxf5 Bxa2 18. Ng3 Bb3 19. Ra1 b5 20. Bxh6 Bxh6 21.
Qg4+ Qg5 22. Qxg5+ Bxg5 23. Bxd7 Bc4 24. Bc6 Ra7 25. Ne4 Bh6 26. Red1 Rb8 27.
Nf6+ Kf7 28. Nd5 Ke6 29. Rxa6 Rxa6 30. Nxc7+ Kf5 31. Nxa6 Rd8 32. Nc7 Bb3 33.
Re1 b4 34. Be4+ Kf6 35. Bd5 Ba4 36. b3 bxc3 37. Re2 Bd2 38. bxa4 c2 0-1

[Event "Sydney International Challengers"]
[Site "Parramatta, NSW"]
[Date "2010.04.08"]
[Round "4.3"]
[White "Chau, Bernard"]
[Black "Dickson, Ian"]
[Result "1-0"]
[WhiteElo "1517"]
[BlackElo "1537"]
[PlyCount "115"]
[EventDate "2010.04.07"]
[EventType "swiss"]
[EventRounds "9"]
[EventCountry "AUS"]
[SourceDate "2010.04.07"]

1. d4 Nf6 2. c4 Nc6 3. Nf3 e6 4. Nc3 Bb4 5. Qc2 O-O 6. e3 Bxc3+ 7. bxc3 d6 8.
Bd3 e5 9. Ba3 Re8 10. d5 Ne7 11. e4 Ng6 12. g3 b6 13. h3 Nd7 14. Qe2 Nc5 15.
Bxc5 bxc5 16. Rb1 Bd7 17. Nd2 Qc8 18. h4 h6 19. Nf1 Rb8 20. Rb3 Qa6 21. Qb2 Rb6
22. Ne3 Reb8 23. O-O Ba4 24. Rxb6 Rxb6 25. Qd2 Bd7 26. Rb1 Qa3 27. Rxb6 axb6
28. f3 Qa8 29. Qb2 Kf8 30. Bc2 Ne7 31. Kg2 g6 32. a3 Kg7 33. Qc1 Qa5 34. Bd3 f6
35. f4 Qa8 36. f5 g5 37. hxg5 hxg5 38. Ng4 Qh8 39. Bc2 Qh5 40. Bd1 Qe8 41. Be2
Qh8 42. Qc2 Qa8 43. Qc1 Ng8 44. Qb2 Nh6 45. Ne3 Qa5 46. Bd1 c6 47. Qb3 b5 48.
a4 Qa6 49. Kf2 Kf7 50. dxc6 bxc4 51. Nxc4 Bxc6 52. Nxe5+ Kg7 53. Nxc6 Qxc6 54.
Qe6 Qc7 55. Bh5 Ng8 56. a5 Qe7 57. a6 Qa7 58. Qf7+ 1-0

[Event "Sydney International Challengers"]
[Site "Parramatta, NSW"]
[Date "2010.04.08"]
[Round "4.4"]
[White "Pan, Andrew"]
[Black "Chau, Adrian"]
[Result "1-0"]
[WhiteElo "1741"]
[BlackElo "1665"]
[PlyCount "69"]
[EventDate "2010.04.07"]
[EventType "swiss"]
[EventRounds "9"]
[EventCountry "AUS"]
[SourceDate "2010.04.07"]

1. d4 Nf6 2. c4 e6 3. Nc3 Bb4 4. Qc2 c5 5. dxc5 O-O 6. Nf3 Nc6 7. e3 Bxc5 8. a3
a6 9. Bd3 Qc7 10. O-O b6 11. b4 Bd6 12. Bb2 h6 13. Ne2 Ng4 14. Ng3 Nge5 15. Be2
Bb7 16. Rfd1 f5 17. Qd2 Nf7 18. Qc3 Nfe5 19. Rxd6 Qxd6 20. Nxe5 Qxe5 21. Qxe5
Nxe5 22. Bxe5 d5 23. Bd6 Rfc8 24. c5 b5 25. Rb1 g6 26. Nf1 Kf7 27. Nd2 a5 28.
Bxb5 axb4 29. axb4 Ra2 30. Nf3 Rca8 31. Be5 d4 32. Bxd4 Be4 33. Ne5+ Kg8 34.
Rf1 Rb8 35. Bc4 1-0

[Event "Sydney International Challengers"]
[Site "Parramatta, NSW"]
[Date "2010.04.08"]
[Round "4.5"]
[White "Chen, Vincent"]
[Black "Anderson Smith, William T"]
[Result "1/2-1/2"]
[WhiteElo "1439"]
[BlackElo "1560"]
[PlyCount "47"]
[EventDate "2010.04.07"]
[EventType "swiss"]
[EventRounds "9"]
[EventCountry "AUS"]
[SourceDate "2010.04.07"]

1. e4 e6 2. d4 d5 3. Nc3 Nf6 4. e5 Nfd7 5. Nf3 c5 6. dxc5 Nc6 7. Bf4 Bxc5 8.
Bb5 Qb6 9. O-O O-O 10. Bxc6 bxc6 11. Na4 Qc7 12. Nxc5 Nxc5 13. b4 Nd7 14. Re1
Nb6 15. Qd3 f5 16. Nd2 a5 17. a3 Ba6 18. Qc3 Nc4 19. Nxc4 Bxc4 20. Be3 Rf7 21.
Bc5 a4 22. Rad1 Qb7 23. Rd4 Bb5 24. Red1 1/2-1/2

[Event "Sydney International Challengers"]
[Site "Parramatta, NSW"]
[Date "2010.04.08"]
[Round "4.6"]
[White "Tenorio, Leonardo"]
[Black "Eustace, Sophie"]
[Result "1/2-1/2"]
[WhiteElo "1644"]
[BlackElo "1451"]
[PlyCount "104"]
[EventDate "2010.04.07"]
[EventType "swiss"]
[EventRounds "9"]
[EventCountry "AUS"]
[SourceDate "2010.04.07"]

1. e4 c5 2. Nf3 Nc6 3. d4 cxd4 4. Nxd4 Nf6 5. Nc3 e6 6. Nxc6 bxc6 7. Bd3 d5 8.
O-O Be7 9. e5 Nd7 10. f4 Bb7 11. Kh1 Qc7 12. a3 Nc5 13. b4 Nxd3 14. cxd3 c5 15.
bxc5 Qxc5 16. Qd2 Rc8 17. Bb2 Ba6 18. d4 Qa5 19. Rf2 Bh4 20. g3 Be7 21. Nd1
Qxd2 22. Rxd2 O-O 23. Rc1 Rxc1 24. Bxc1 Rc8 25. Bb2 h6 26. Ne3 Kf8 27. Kg2 Rb8
28. Bc1 Rb3 29. Rb2 Rxb2+ 30. Bxb2 Ke8 31. Kf2 Kd7 32. Nc2 Bc4 33. Ke3 Kc6 34.
Kd2 Kb5 35. Kc3 a5 36. Na1 Ka4 37. Nc2 Be2 38. Bc1 Kb5 39. Kb3 Bd1 40. a4+ Kb6
41. Kc3 f6 42. Be3 Kc6 43. h4 Kd7 44. Kd2 Bxc2 45. Kxc2 Bb4 46. Bf2 Ke7 47. Kd3
Kf7 48. Ke3 Kg6 49. Kf3 h5 50. Be3 Kf5 51. Bc1 Bc3 52. Be3 Bb4 1/2-1/2

[Event "Sydney International Challengers"]
[Site "Parramatta, NSW"]
[Date "2010.04.08"]
[Round "4.7"]
[White "Plant, John Stuart"]
[Black "Reynolds, Paul"]
[Result "1-0"]
[WhiteElo "1700"]
[BlackElo "1443"]
[PlyCount "61"]
[EventDate "2010.04.07"]
[EventType "swiss"]
[EventRounds "9"]
[EventCountry "AUS"]
[SourceDate "2010.04.07"]

1. e4 d6 2. d3 g6 3. f4 Bg7 4. c3 c5 5. Nf3 Nc6 6. h3 e6 7. Be2 Nge7 8. Be3 O-O
9. h4 b6 10. h5 d5 11. Qc2 d4 12. Bf2 Bb7 13. hxg6 hxg6 14. Nbd2 dxc3 15. bxc3
Nb4 16. cxb4 Bxa1 17. e5 Nd5 18. Bh4 Ne3 19. Qc1 Nxg2+ 20. Kf2 Nxh4 21. Rxh4
Bd4+ 22. Kg3 Kg7 23. Ne4 Bxe4 24. f5 g5 25. f6+ Kg8 26. Rxe4 Bxe5+ 27. Rxe5 Kh7
28. Rxg5 Qxf6 29. Qh1+ Qh6 30. Rh5 Rg8+ 31. Kf2 1-0

[Event "Sydney International Challengers"]
[Site "Parramatta, NSW"]
[Date "2010.04.08"]
[Round "4.8"]
[White "Wan, Kinto"]
[Black "Zhou, Thomas"]
[Result "1-0"]
[WhiteElo "1538"]
[BlackElo "1271"]
[PlyCount "65"]
[EventDate "2010.04.07"]
[EventType "swiss"]
[EventRounds "9"]
[EventCountry "AUS"]
[SourceDate "2010.04.07"]

1. d4 d5 2. Nf3 Nf6 3. c4 e6 4. e3 c5 5. cxd5 exd5 6. Nc3 a6 7. Be2 Nc6 8. a3
b5 9. O-O c4 10. Ne5 Qc7 11. f4 Bd6 12. Bf3 Ne7 13. Bd2 h6 14. Be1 g5 15. Bg3
Rg8 16. Bh5 Be6 17. fxg5 Nxh5 18. Qxh5 Rxg5 19. Qxh6 Rg8 20. Rf6 O-O-O 21. Nxf7
Bxf7 22. Rxf7 Bxg3 23. Qxa6+ Kd7 24. Nxd5 Bxh2+ 25. Kh1 Qc6 26. Rxe7+ Kd6 27.
Re6+ Kxe6 28. Qxc6+ Rd6 29. Nc7+ Ke7 30. Qe4+ Kd7 31. Qh7+ Kc6 32. Qxg8 Kxc7
33. Kxh2 1-0

[Event "Sydney International Challengers"]
[Site "Parramatta, NSW"]
[Date "2010.04.08"]
[Round "4.9"]
[White "Behar, Joshua"]
[Black "Fernandez, Michael"]
[Result "0-1"]
[WhiteElo "1423"]
[BlackElo "1358"]
[PlyCount "78"]
[EventDate "2010.04.07"]
[EventType "swiss"]
[EventRounds "9"]
[EventCountry "AUS"]
[SourceDate "2010.04.07"]

1. e4 c5 2. Nf3 d6 3. c3 Nc6 4. Be2 Nf6 5. d4 g6 6. O-O Bd7 7. e5 dxe5 8. dxe5
Ng4 9. Bf4 Qb6 10. b3 Bg7 11. Nbd2 Ngxe5 12. Nxe5 Nxe5 13. Bxe5 Bxe5 14. Nc4
Qc7 15. Nxe5 Qxe5 16. Bf3 Rd8 17. Qc2 Bf5 18. Qb2 b6 19. Rfe1 Qf6 20. Qe2 O-O
21. c4 Rfe8 22. Rad1 e5 23. Rxd8 Rxd8 24. Bd5 e4 25. h3 Qg5 26. Kh1 Qf4 27. Rd1
Rd6 28. Kg1 Qe5 29. Qd2 Be6 30. h4 Kf8 31. Qh6+ Kg8 32. Qd2 Kg7 33. Kh1 Qh5 34.
g3 Qe5 35. Kh2 b5 36. Qa5 bxc4 37. Qxc5 Rxd5 38. Rxd5 Qxd5 39. Qxa7 c3 0-1

[Event "Sydney International Challengers"]
[Site "Parramatta, NSW"]
[Date "2010.04.08"]
[Round "4.10"]
[White "Damaschino, Lou"]
[Black "Koh, Cedric"]
[Result "1/2-1/2"]
[WhiteElo "1410"]
[BlackElo "1461"]
[PlyCount "78"]
[EventDate "2010.04.07"]
[EventType "swiss"]
[EventRounds "9"]
[EventCountry "AUS"]
[SourceDate "2010.04.07"]

1. f4 d5 2. Nf3 Bf5 3. e3 e6 4. Bd3 Bg6 5. O-O Nf6 6. b3 Bd6 7. Bb2 Nbd7 8. Nc3
c6 9. a4 Qe7 10. Qc1 O-O 11. Ne2 e5 12. fxe5 Nxe5 13. Bxe5 Bxe5 14. Nxe5 Qxe5
15. Bxg6 hxg6 16. Rf3 g5 17. Ng3 g6 18. Qf1 Ne4 19. Nxe4 dxe4 20. d4 Qe7 21.
Rf2 g4 22. g3 f5 23. h4 gxh3 24. Qc4+ Qf7 25. Qc5 Qc7 26. Kh2 Qh7 27. Raf1 Rf6
28. d5 b6 29. Qc4 Qf7 30. g4 Qxd5 31. Qxd5+ cxd5 32. gxf5 Raf8 33. Kxh3 gxf5
34. Kh4 R8f7 35. Kg5 Kg7 36. Kf4 Re6 37. Rg2+ Rg6 38. Rxg6+ Kxg6 39. Ke5 Rd7
1/2-1/2

[Event "Sydney International Challengers"]
[Site "Parramatta, NSW"]
[Date "2010.04.08"]
[Round "4.11"]
[White "Beahan, Patrick"]
[Black "Mithran, Mirakla"]
[Result "1-0"]
[WhiteElo "1301"]
[BlackElo "1239"]
[PlyCount "87"]
[EventDate "2010.04.07"]
[EventType "swiss"]
[EventRounds "9"]
[EventCountry "AUS"]
[SourceDate "2010.04.07"]

1. e4 c5 2. Nf3 Nc6 3. d4 cxd4 4. Nxd4 g6 5. Nc3 Bg7 6. Be3 e6 7. f3 Nge7 8.
Be2 O-O 9. Qd2 d5 10. exd5 Nxd5 11. Nxc6 bxc6 12. Nxd5 cxd5 13. c3 Qd7 14. Bh6
Rb8 15. Bxg7 Kxg7 16. Qd4+ f6 17. b4 Qc7 18. O-O Bd7 19. a4 h5 20. Rfc1 Rh8 21.
b5 h4 22. h3 Rb7 23. c4 dxc4 24. Rxc4 Qa5 25. Rac1 g5 26. Bd3 Rd8 27. Qe4 Qb6+
28. Kh1 f5 29. Qe5+ Kf7 30. Rc5 Qa5 31. Qe3 Kg6 32. Be4 Rbb8 33. Bc6 Qc7 34.
Bxd7 Qxd7 35. Rc7 Qd6 36. Qxa7 Kf6 37. Rf7+ Ke5 38. Qe3+ Kd5 39. Rd1+ Kc4 40.
Rxd6 Rxd6 41. Rc7+ Kb4 42. Qc5+ Kxa4 43. Qxd6 Rxb5 44. Ra7+ 1-0

[Event "Sydney International Challengers"]
[Site "Parramatta, NSW"]
[Date "2010.04.08"]
[Round "4.12"]
[White "Koh, Clarise"]
[Black "Dale, Ari"]
[Result "0-1"]
[WhiteElo "1298"]
[BlackElo "1388"]
[PlyCount "100"]
[EventDate "2010.04.07"]
[EventType "swiss"]
[EventRounds "9"]
[EventCountry "AUS"]
[SourceDate "2010.04.07"]

1. e4 c6 2. d4 d5 3. Nc3 dxe4 4. Nxe4 Bf5 5. Ng3 Bg6 6. Nf3 Nd7 7. Bd3 Bxd3 8.
Qxd3 e6 9. Bf4 Ngf6 10. O-O Be7 11. c4 h6 12. Rfd1 O-O 13. Qe3 Rc8 14. h3 Nh7
15. Bxh6 gxh6 16. Qxh6 Bg5 17. Nxg5 Qxg5 18. Qh5 Qxh5 19. Nxh5 Nhf6 20. Nf4 Nb6
21. b3 Rfd8 22. Ne2 Kf8 23. g4 Ke7 24. f3 Rh8 25. Nf4 Rcd8 26. Kg2 Rd7 27. Rd3
Rhd8 28. Rad1 Na8 29. g5 Rg8 30. h4 Nc7 31. Kh3 Nfe8 32. Rg1 Ng7 33. Re1 Rgd8
34. Red1 Nf5 35. Ne2 c5 36. d5 exd5 37. Kg4 Ng7 38. cxd5 Rxd5 39. Rxd5 Rxd5 40.
Re1 Kd7 41. h5 f6 42. f4 Nge6 43. h6 Nf8 44. Rh1 fxg5 45. h7 Ng6 46. f5 Nh8 47.
Kxg5 Ne8 48. Nf4 Rd4 49. Ng6 Nf7+ 50. Kh5 Nf6# 0-1

[Event "Sydney International Challengers"]
[Site "Parramatta, NSW"]
[Date "2010.04.08"]
[Round "4.14"]
[White "Bortsova, Natasha"]
[Black "Ross, Bill"]
[Result "0-1"]
[WhiteElo "1247"]
[BlackElo "1345"]
[PlyCount "94"]
[EventDate "2010.04.07"]
[EventType "swiss"]
[EventRounds "9"]
[EventCountry "AUS"]
[SourceDate "2010.04.07"]

1. d4 Nf6 2. c4 g6 3. Nc3 Bg7 4. e4 d6 5. f4 O-O 6. Nf3 c5 7. d5 Bd7 8. Bd3 Na6
9. O-O Nc7 10. e5 Nfe8 11. Ne4 a6 12. a4 b5 13. axb5 axb5 14. Rxa8 Qxa8 15.
cxb5 Bxb5 16. Nc3 Bxd3 17. Qxd3 Na6 18. Qe4 Nec7 19. Rd1 Nb4 20. Ng5 h6 21. Nf3
Qb7 22. g4 Qc8 23. f5 g5 24. e6 Bxc3 25. bxc3 Na2 26. Bb2 Nb5 27. Rd3 c4 28.
Re3 Qc5 29. Kg2 f6 30. h4 Nc7 31. hxg5 hxg5 32. Nd2 Nxd5 33. Rf3 Kg7 34. Nxc4
Nf4+ 35. Rxf4 gxf4 36. Qxf4 Qd5+ 37. Kg3 Qd3+ 38. Ne3 Nxc3 39. Bxc3 Qxc3 40. g5
Qe5 41. Qxe5 dxe5 42. gxf6+ Kxf6 43. Kf3 Rd8 44. Ke4 Rd4+ 45. Kf3 Rd3 46. Ke4
Rxe3+ 47. Kxe3 Kxf5 0-1